Biggest Economies Since 1600 - Statistics

General Stats
  • This quiz has been taken 58 times
  • The average score is 21 of 24
Answer Stats
Hint Answer % Correct
1847-Present United States of America
100%
Pre 1600-1916, 1917-1930, 1945-1957, 1961-2006, 2009-2015 France
98%
1644-1877 Great Qing
98%
Pre 1600-1650 Spanish Empire
98%
Pre 1600-1644 Great Ming
96%
1957-1961, 2006-Present People’s Republic of China
96%
1916-1929, 1930-1941, 1945-1950 Republic of China
96%
1950-Present Federal Republic of Germany/West Germany
94%
1872-1917 German Empire
94%
1923-1933 German Reich
94%
1933-1945 Nazi Germany
94%
1620-1872, 1877-1917 Russian Empire
94%
1917-1923 British Raj
92%
1707-1801 Great Britain
92%
1991-1997 Italy
92%
1967-Present Japan
92%
1941-1945 Japanese Empire
92%
Pre 1600-1770 Mughal Empire
92%
1801-1968, 1997-2009, 2015-2017, 2018-2021 United Kingdom
92%
2017-2018, 2021-Present India
91%
Pre 1600-1620 Ottoman Empire
72%
1929-1991 Soviet Union
70%
1640-1707 England
32%
1770-1847 East India Company
0%
No matching quizzes found
Score Distribution
Percent of People with Each Score
Percentile by Number Answered
Your Score History
You have not taken this quiz